Dirección de ventas : (Registro nro. 10279)

Detalles MARC
000 -LIDER
fixed length control field 01021nam a22003371 4500
001 - NÚMERO DE CONTROL
Identificador de número de control 001008754
003 - IDENTIFICACDOR DE NÚMERO DE CONTROL
control field DO-SdBNP
005 - DATE AND TIME OF LATEST TRANSACTION
control field 20171113124945.0
007 - CAMPOS FIJOS DE DESCRIPCIÓN FÍSICA
fixed length control field 001008754
008 - ELEMENTOS DE LONGITUD FIJA
fixed length control field 920725s2010 mx spa
016 7# - NO. DE CONTROL DE LA AGENCIA BIB. NACIONAL
Record control number
Canceled/invalid record control number
Source BPMSU
020 ## - ISBN
International Standard Book Number 8420532126
035 ## - NÚMERO LOCAL
System control number
040 ## - FUENTE DE CATALOGACIÓN
Agencia que crea de manera original el registro BPMSU
Idioma de catalogación spa
Agencia que realiza la transcripción BPMSU
080 #0 - NÚMERO DE CLASIFICACIÓN DECIMAL UNIVERSAL
Universal Decimal Classification number
082 #4 - NÚMERO DE CLASIFICACIÓN DECIMAL DE DEWEY
Classification number 658.81
Item number C172d
100 1# - ASIENTO PRINCIPAL -- NOMBRE PERSONAL
Nombre personal Cámara, Dionisio
240 ## - TITULO UNIFORME
Título uniforme
245 10 - MENCIÓN DE TITULO
Título Dirección de ventas :
Subtítulo vender y fidelizar en el nuevo milenio /
Medio (Designación general de material) Dionisio Cámara Ibáñez, María Sanz Gómez.
260 0# - PUBLICACIÓN, DISTRIBUCIÓN, ETC. (PIE DE IMPRENTA)
Lugar de publicación, distribución, etc México, D.F. :
Nombre del editor, distribuidor, etc. Pearson Printice Hall,
Fecha de publicación, distribución, etc 2001
300 ## - DESCRIPCIÓN FÍSICA
Extensión xiv, 283 p. :
Otros detalles físicos il. ;
Dimensiones 25 cm.
650 #4 - ENCABEZAMIENTO DE MATERIA--TEMÁTICO
Término temático o nombre geográfico como elemento de entrada ADMINISTRACIÓN DE VENTAS
Fuente del encabezamiento o término
650 #4 - ENCABEZAMIENTO DE MATERIA--TEMÁTICO
Término temático o nombre geográfico como elemento de entrada PROMOCIÓN DE VENTAS
650 #4 - ENCABEZAMIENTO DE MATERIA--TEMÁTICO
Término temático o nombre geográfico como elemento de entrada VENDEDORES Y ARTE DE VENDER
650 #4 - ENCABEZAMIENTO DE MATERIA--TEMÁTICO
Término temático o nombre geográfico como elemento de entrada TÉCNICAS DE VENTAS
700 12 - ASIENTO SECUNDARIO -- NOMBRE PERSONAL
Nombre personal Sanz Gómez, María
910 ## - VALIDACIÓN
Validación Validado. Control de calidad MFF
942 ## - ADDED ENTRY ELEMENTS (KOHA)
Source of classification or shelving scheme Dewey Decimal Classification
Koha item type Libros
945 ## - INFORMACIÓN DE PROCESAMIENTO LOCAL
Información de procesamiento local Inventariado, 2017/MFF
956 ## - LOCAL ELECTRONIC LOCATION AND ACCESS (OCLC)
Nombre de host VMATEO
Método de acceso 10
Materiales especificados 20160601
Enlace BPMSU
Campo enlazado y núm. de secuencia 0069
Existencias
Withdrawn status Lost status Source of classification or shelving scheme Damaged status Not for loan Collection code Home library Current library Date acquired Source of acquisition Total Checkouts Full call number Barcode Date last seen Price effective from Koha item type
    Dewey Decimal Classification     Colección General Biblioteca Pública Metropolitana Salomé Ureña Biblioteca Pública Metropolitana Salomé Ureña 06/06/2016 FUNDI   658.81 C179d BPMSU16060068 06/06/2016 06/06/2016 Libros